[Recenzia na publikáciu Finančno-ekonomická analýza podniku Praktikum]

Uložené v:
Podrobná bibliografia
Hlavný autor: Strižencová, Michaela
Médium: Kapitola
Jazyk:Slovak
Predmet:
Tagy: Pridať tag
Žiadne tagy, Buďte prvý, kto otaguje tento záznam!

MARC

LEADER 00000nla a2200000 4500
001 0200433
005 20240502073405.2
041 0 |a slo 
044 |a SK 
245 1 0 |a [Recenzia na publikáciu Finančno-ekonomická analýza podniku Praktikum]  |c Michaela Strižencová 
610 2 0 |a podnik 
610 2 0 |a analýza finančná 
610 2 0 |a metódy 
100 1 |a Strižencová, Michaela